Video Game Console Quiz - Statistics

General Stats
  • This quiz has been taken 50 times
    23 since last reset
  • The average score is 29 of 43
Answer Stats
Picture Answer % Correct
Game Boy
100%
Playstation 2
100%
Xbox
100%
Nintendo Switch
95%
Nintendo Wii
95%
Playstation
95%
Playstation 3
95%
Playstation 4
95%
PlayStation Portable (PSP)
95%
Game Boy Advance
91%
GameCube
91%
Nintendo 64
91%
Nintendo DS
91%
Playstation 5
91%
Xbox 360
91%
Xbox One
91%
Atari 2600
86%
Atari 5200
86%
Atari 7800
86%
Xbox Series X
86%
Dreamcast
82%
Nintendo Entertainment System (NES)
82%
Game Gear
68%
Super Nintendo Entertainment System (SNES)
68%
Sega Mega Drive/Genesis
64%
Atari Lynx
59%
Game & Watch
59%
Virtual Boy
55%
Sega Saturn
45%
Intellivision
41%
Atari Jaguar
36%
CD-i
36%
Master System
36%
Neo Geo CD
36%
TurboGrafx-16
36%
ColecoVision
32%
Commodore Amiga CD32
32%
HyperScan
32%
Magnavox Odyssey
32%
Magnavox Odyssey 2
32%
Super NES Mouse
32%
3DO Interactive Multiplayer (3DO)
27%
Neo Geo AES
18%
No matching quizzes found
Score Distribution
Percent of People with Each Score
Percentile by Number Answered
Your Score History
You have not taken this quiz since the last reset